| 000 | 00483cam a22001097a 4500 | ||
|---|---|---|---|
| 008 | 180718b1956 xxu||||| |||| 00| 0 eng d | ||
| 082 | _aL2x54 1956 | ||
| 245 |
_aMemorandum explaining the changes in the custom duties, excise duties and incometax law proposed in the finance bill, 1956 (clauses referred to are clauses in the finance bill, 1956) _cby Ministry of Finance, India |
||
| 260 |
_aNew Delhi _bMinistry of Finance _c1956 |
||
| 300 | _a17p. | ||
| 700 | _aIndia. Ministry of Finance | ||
| 999 |
_c503510 _d503510 |
||